PRAKTYCZNE ZASTOSOWANIE TESTÓW W KONTROLI PROCESU TRENINGU W PIŁCE NOŻNEJ

Bibliographic Details
Main Authors: Gabryś, Tomasz (Author), Szczerbowski, Marek (Author), Pańpuch, Mariusz (Author), Urszula, Szmatlan-Gabryś (Author), Borek, Zbigniew (Author)
Format: Article
Language:Polish
ISBN:8022715468

MARC

LEADER 00000naa a2200000uu 4500
001 vtls011053367
003 SK-MaSNL
005 20260302115205.0
008 210904|2001 xo |||||||||||||||||pol|
015 |a SNBRA 
035 |a (urnnbn)urn:nbn:sk:snk:ar-a0bwjw 
035 |a (uuid)b065d527-90c5-4aba-b4b3-7d931edffc09 
035 |a urn:nbn:sk:snk-aav3a5 
040 |a SNKBUCL  |b slo  |c SNKBUCL  |e AACR2 
041 0 |a pol 
044 |a xo  |c SK 
100 1 |a Gabryś, Tomasz  |4 aut  |9 776234 
245 1 0 |a PRAKTYCZNE ZASTOSOWANIE TESTÓW W KONTROLI PROCESU TRENINGU W PIŁCE NOŻNEJ  |c Tomasz Gabryś, Marek Szczerbowski, Mariusz Pańpuch, Urszula Szmatlan-Gabryś, Zbigniew Borek 
700 1 |a Szczerbowski, Marek  |4 aut  |9 798220 
700 1 |a Pańpuch, Mariusz  |4 aut  |9 798221 
700 1 |a Urszula, Szmatlan-Gabryś  |4 aut  |9 776225 
700 1 |a Borek, Zbigniew  |4 aut  |9 776226 
773 0 |t Testovanie motorických schopností testami Eurofitu a iných metodík  |d Bratislava : Slovenská technická univerzita, 2001  |g S. 51-58  |z 8022715468 
958 |a OND 
958 |a article12 
958 |a chapter 
999 |c 1263421  |d 1265351